| 000 | 00986na a2200277 4500 | ||
|---|---|---|---|
| 001 | 14961 | ||
| 003 | MIRAKIL | ||
| 005 | 20181213155027.0 | ||
| 008 | 161101b tu 000 0 | ||
| 020 | _a9786054599998 | ||
| 035 | _a14961 | ||
| 040 |
_aMilas _btur _cTR-AnCHP |
||
| 041 | _atur | ||
| 082 |
_aCHP 923.2 İhsanoğlu,E. _bC35e 2014 |
||
| 090 | _aCHP 923.2 İhsanoğlu,E. C35e 2014 | ||
| 100 | _aCengiz, Oğuzhan | ||
| 245 |
_aEkmeleddin İhsanoğlu _cOğuzhan Cengiz ; editör Mustafa Erdem Kafkaslıoğlu |
||
| 260 |
_aİstanbul _bBilgeoğuz _c2014 |
||
| 300 |
_a240 s. _bfotg. _c21 sm. |
||
| 600 |
_aİhsanoğlu, Ekmeleddin _cCHP ve MHP'nin cumhurbaşkanı adayı _d1943- _xYaşamöyküsü |
||
| 600 |
_aİhsanoğlu, Ekmeleddin _xSiyasal ve sosyal görüşler |
||
| 650 |
_aSiyasetçiler _xYaşamöyküsü |
||
| 650 |
_aCumhurbaşkanı seçimleri _xCumhurbaşkanı adayları _yYaşamöyküsü _zTürkiye |
||
| 700 | _aKafkaslıoğlu, Mustafa Erdem | ||
| 942 |
_2dcc _cBKS |
||
| 999 |
_c5097 _d5097 |
||